Thomas & Friends Characters: Expert - Statistics

General Stats
  • This quiz has been taken 550 times
  • The average score is 109 of 201
Answer Stats
Groups Answers % Correct
Standard Gauge Engines Thomas
96%
Standard Gauge Engines Gordon
92%
Standard Gauge Engines Henry
91%
Standard Gauge Engines Edward
90%
Standard Gauge Engines Duck
89%
Standard Gauge Engines James
89%
Standard Gauge Engines Percy
89%
Miniature Gauge Engines | Standard Gauge Engines Bert
87%
Standard Gauge Engines Toby
87%
Cranes Cranky
85%
Construction/Road Vehicles | Standard Gauge Engines Oliver
85%
Standard Gauge Engines Diesel
84%
Standard Gauge Engines Emily
84%
Narrow Gauge Engines Peter Sam
84%
Standard Gauge Engines Douglas
82%
Standard Gauge Engines Donald
81%
Narrow Gauge Engines Duncan
81%
Humans Fergus Duncan
81%
Air Vehicles Harold
81%
Narrow Gauge Engines Skarloey
81%
Narrow Gauge Engines Rheneas
80%
Narrow Gauge Engines Rusty
80%
Narrow Gauge Engines Sir Handel
80%
Standard Gauge Engines Bill
79%
Rolling Stock An An
78%
Standard Gauge Engines Ben
78%
Standard Gauge Engines Diesel 10
76%
Humans Duke and Duchess of Boxford
76%
Humans Sir Topham Hat
76%
Standard Gauge Engines Spencer
76%
Narrow Gauge Engines Duke
75%
Standard Gauge Engines Lady
75%
Narrow Gauge Engines Luke
74%
Miniature Gauge Engines Mike
74%
Rolling Stock Annie
73%
Standard Gauge Engines Arry
73%
Standard Gauge Engines Boco
73%
Rolling Stock Clarabel
73%
Standard Gauge Engines Daisy
73%
Standard Gauge Engines Hiro
73%
Construction/Road Vehicles Jack
72%
Standard Gauge Engines Nia
72%
Narrow Gauge Engines Victor
72%
Standard Gauge Engines Mavis
71%
Standard Gauge Engines Rebecca
71%
Construction/Road Vehicles Bertie
69%
Miniature Gauge Engines Rex
69%
Standard Gauge Engines Rosie
69%
Standard Gauge Engines Den
68%
Standard Gauge Engines Salty
68%
Standard Gauge Engines Paxton
67%
Standard Gauge Engines Scruff
67%
Standard Gauge Engines Murdoch
66%
Standard Gauge Engines Stanley
66%
Standard Gauge Engines Dart
65%
Construction/Road Vehicles Kevin
65%
Rolling Stock Toad
65%
Standard Gauge Engines Bash
64%
Standard Gauge Engines Charlie
64%
Standard Gauge Engines Dash
64%
Narrow Gauge Engines Freddie
64%
Standard Gauge Engines Molly
64%
Standard Gauge Engines Arthur
63%
Standard Gauge Engines Ferdinand
63%
Narrow Gauge Engines Millie
63%
Standard Gauge Engines Harvey
62%
Narrow Gauge Engines Mighty Mac
62%
Standard Gauge Engines Stephen
62%
Standard Gauge Engines Stepney
62%
Boats Captain
61%
Standard Gauge Engines Neville
61%
Standard Gauge Engines Ashima
60%
Narrow Gauge Engines Bertram
60%
Standard Gauge Engines Billy
60%
Construction/Road Vehicles Bulgy
60%
Standard Gauge Engines Connor
60%
Standard Gauge Engines Flying Scotsman
60%
Standard Gauge Engines Ryan
59%
Standard Gauge Engines Whiff
59%
Construction/Road Vehicles Alfie
58%
Boats Bulstrode
58%
Cranes Carly
58%
Standard Gauge Engines Dennis
58%
Standard Gauge Engines Dodge
58%
Construction/Road Vehicles George
58%
Rolling Stock Henrietta
58%
Air Vehicles Jeremy
58%
Rolling Stock Rocky
58%
Boats Skiff
58%
Standard Gauge Engines Sydney
58%
Cranes Big Mickey
57%
Standard Gauge Engines Norman
57%
Standard Gauge Engines Belle
56%
Standard Gauge Engines Caitlin
56%
Standard Gauge Engines Fergus
56%
Construction/Road Vehicles Flynn
56%
Standard Gauge Engines Sam
56%
Standard Gauge Engines Splatter
56%
Standard Gauge Engines Hank
55%
Humans Lady Hat
55%
Standard Gauge Engines Frankie
54%
Construction/Road Vehicles Max
54%
Construction/Road Vehicles Monty
54%
Standard Gauge Engines Philip
54%
Narrow Gauge Engines Smudger
54%
Standard Gauge Engines Timothy
54%
Construction/Road Vehicles Trevor
54%
Standard Gauge Engines Yong Bao
54%
Standard Gauge Engines Hurricane
53%
Construction/Road Vehicles Kelly
53%
Standard Gauge Engines Derek
52%
Rolling Stock S.C. Ruffey
52%
Construction/Road Vehicles Caroline
51%
Rolling Stock Hector
51%
Standard Gauge Engines Marion
51%
Standard Gauge Engines Merlin
51%
Standard Gauge Engines Theo
51%
Standard Gauge Engines Vinnie
51%
Narrow Gauge Engines Proteus
50%
Standard Gauge Engines Flora
49%
Rolling Stock Jerome
49%
Standard Gauge Engines Lexi
49%
Humans Mr. Percival
49%
Construction/Road Vehicles Terence
49%
Standard Gauge Engines Gator
48%
Rolling Stock Judy
48%
Construction/Road Vehicles Ned
48%
Standard Gauge Engines Gina
47%
Standard Gauge Engines Samson
47%
Standard Gauge Engines Porter
46%
Standard Gauge Engines Axel
45%
Cranes Colin
45%
Construction/Road Vehicles Elizabeth
45%
Standard Gauge Engines Glynn
44%
Miscellaneous Owen
44%
Construction/Road Vehicles Patrick
44%
Standard Gauge Engines Shane
44%
Standard Gauge Engines Stafford
44%
Standard Gauge Engines Winston
44%
Standard Gauge Engines Ivan
43%
Standard Gauge Engines Raul
43%
Standard Gauge Engines Etienne
42%
Standard Gauge Engines Frieda
42%
Rolling Stock Bradford
41%
Construction/Road Vehicles Byron
41%
Standard Gauge Engines Carlos
41%
Standard Gauge Engines Hugo
41%
Rolling Stock Old Slow Coach
41%
Construction/Road Vehicles Isobella
40%
Construction/Road Vehicles Nelson
40%
Standard Gauge Engines Rajiv
40%
Cranes Reg
40%
Cranes Beresford
39%
Construction/Road Vehicles Butch
39%
Construction/Road Vehicles Ace
38%
Standard Gauge Engines Beau
38%
Construction/Road Vehicles Madge
38%
Cranes Merrick
38%
Standard Gauge Engines Kenji
37%
Rolling Stock Hannah
36%
Standard Gauge Engines Duchess
34%
Standard Gauge Engines Hong Mei
34%
Humans Sailor John
34%
Standard Gauge Engines Logan
33%
Humans Dowager Hat
32%
Air Vehicles Isla
32%
Standard Gauge Engines Sonny
32%
Standard Gauge Engines Lorenzo
31%
Humans Sir Robert Norramby
30%
Humans Farmer McColl
28%
Standard Gauge Engines Shankar
28%
Boats Stefano
28%
Rolling Stock Dexter
27%
Standard Gauge Engines Gabriela
27%
Standard Gauge Engines Noor Jehan
27%
Standard Gauge Engines Tamika
27%
Construction/Road Vehicles Thumper
27%
Construction/Road Vehicles Brenda
26%
Construction/Road Vehicles Darcy
26%
Rolling Stock Slip Coaches
26%
Rolling Stock Aiden
25%
Rolling Stock Beppe
25%
Cranes Cassia
25%
Construction/Road Vehicles Cleo
25%
Standard Gauge Engines Kwaku
25%
Rolling Stock Aubrey
24%
Standard Gauge Engines Fernando
24%
Standard Gauge Engines Natalie
23%
Cranes Carter
22%
Rolling Stock Yin Long
22%
Construction/Road Vehicles Horrid Lorries
21%
Construction/Road Vehicles Ester
20%
Humans Jenny Packard
20%
Cranes Kobe
20%
Humans Mr. Bubbles
20%
Rolling Stock Lei
19%
Humans Mrs. Kyndley
14%
Humans Old Bailey
13%
Humans Allicia Botti
11%
No matching quizzes found
Score Distribution
Percent of People with Each Score
Percentile by Number Answered
Your Score History
You have not taken this quiz